Zažité a vyskúšané

Bibliographic Details
Main Author: Šimková, Soňa, 1944-2024 (Author)
Format: Article
Language:Czech
Slovak
Subjects:

MARC

LEADER 00000nab a2200000 a 4500
001 vtls009190594
003 SK-MaSNL
005 20260304010533.0
008 080311 19761208xo 000 0 cze
015 |a SNBRB1976 
040 |a SNKBUCL  |b slo  |c SNKBUCL  |e AACR2 
041 0 |a slo 
044 |a xo  |c SK 
080 |a 792.2  |2 2001 
080 |a 792(437.6)  |2 2001 
100 1 |a Šimková, Soňa,  |d 1944-2024  |4 aut  |9 193945 
245 1 0 |a Zažité a vyskúšané  |c Soňa Šimková 
600 1 7 |a Čechov, Anton Pavlovič,  |d 1860-1904  |t Čajka  |2 snkbucl  |9 9842 
610 2 7 |a Divadlo Nová scéna  |2 snkbucl  |9 228251 
655 7 |a recenzie  |2 snkbucl  |9 21907 
773 0 |t Pravda  |g (8.12.1976), s. 5 
958 |a RC 
999 |c 2561402  |d 2563332